Datum a čas kvízu
31
Celkem bodů
Celkový počet nahraných bodů na tomto kvízu bez doplňovacích otázek.
7.
Pořadí na kvízu
Konečné umístění týmu na tomto kvízu.
Zaznamenané odpovědi
| # | Otázka | Odpověď | Body | Výsledky |
|---|---|---|---|---|
| 1. | Při jednání pražského zastupit... | 1 | ||
| 2. | Vůdce autonomního Čečenska Ram... | 1 | ||
| 3. | Jak vznikala Charta 77 a jak s... | 1 | ||
| 4. | Mezinárodní společnost pro ban... | 1 | ||
| 5. | Netradiční způsob hledání posi... | 0 | ||
| 6. | V každé z otázek v tomto témat... | 0 | ||
| 7. | Filmy s premiérou v roce 2015. | 0 | ||
| 8. | Osoby narozené před rokem 1900... | 1 | ||
| 9. | Živočišné druhy v Orwellově Fa... | 0 | ||
| 10. | Obrazy Leonarda da Vinciho. | 0 |